Online
Catalog

Chile : (Record no. 42394)

MARC details
000 -CABECERA
campo de control de longitud fija 01961nam a2200361 a 4500
001 - NÚMERO DE CONTROL
campo de control 000042905
005 - FECHA Y HORA DE LA ÚLTIMA TRANSACCIÓN
campo de control 20240417195416.0
008 - DATOS DE LONGITUD FIJA--INFORMACIÓN GENERAL
campo de control de longitud fija 140212s1990 sp 000 0 spa d
020 ## - NÚMERO INTERNACIONAL ESTÁNDAR DEL LIBRO
ISBN cancelado o inválido 956160199K
040 ## - FUENTE DE LA CATALOGACIÓN
Centro catalogador/agencia de origen DO-SdBNP
Lengua de catalogación spa
Centro/agencia transcriptor BNPHU
082 ## - NÚMERO DE LA CLASIFICACIÓN DECIMAL DEWEY
Número de clasificación 323.183
Número de documento/Ítem C537m, 1990
049 ## - FONDOS LOCALES (OCLC)
Fondos de biblioteca BNPD
245 00 - MENCIÓN DE TÍTULO
Título Chile :
Resto del título la memoria prohibida, las violaciones a los derechos humanos 1973-1983 /
Mención de responsabilidad, etc. Eugenio Ahumada...[et.al] ; texto Rodrigo Atria.
250 ## - MENCIÓN DE EDICIÓN
Mención de edición 4a. ed.
260 ## - PUBLICACIÓN, DISTRIBUCIÓN, ETC.
Lugar de publicación, distribución, etc. Chile :
Nombre del editor, distribuidor, etc. Pehuén Editores,
Fecha de publicación, distribución, etc. 1990.
300 ## - DESCRIPCIÓN FÍSICA
Extensión 3 v. ;
Dimensiones 22 cm.
490 1# - MENCIÓN DE SERIE
Mención de serie Testimonio
Designación de volumen o secuencia 2
505 0# - NOTA DE CONTENIDO CON FORMATO
Información miscelánea v. 1:
Título El golpe de estado de 11 de septiembre --
-- El destino de los hombres de Allende --
-- Detenciones y campos deconcentración --
-- Los casos de Loquén, Yumbel y Paine --
-- El helicóptero de la muerte --
-- La formación del Comité pro Paz --
-- La creación de la Dina.
505 0# - NOTA DE CONTENIDO CON FORMATO
Información miscelánea v. 2:
Título El país de las catacumbas
-- Los asesinatos de Carlos Prats y de Orlando Letelier --
-- La Operación Colombo o El Caso de los 119 --
-- El atentado a Bernardo Leighton --
-- La creación de la Vicaría de la Solidaridad --
-- El itinerario del Comando Conjunto --
-- Ls crisis entre la Iglesia y el gobierno.
505 0# - NOTA DE CONTENIDO CON FORMATO
Información miscelánea V. 3:
Título La metamorfosis de la Dina --
-- La condena de Townley --
-- El convenio de Quántico --
-- Los secuestros del Covema --
-- La excomunión de los torturadores --
-- El caso Calama --
-- El asesinato de Tucapel Jiménez --
-- El primer brote de la primavera.
650 #4 - PUNTO DE ACCESO ADICIONAL DE MATERIA--TÉRMINO DE MATERIA
Término de materia o nombre geográfico como elemento de entrada Violación de los derechos humanos
Subdivisión geográfica Chile
9 (RLIN) 70356
650 #0 - PUNTO DE ACCESO ADICIONAL DE MATERIA--TÉRMINO DE MATERIA
Término de materia o nombre geográfico como elemento de entrada Derecho civil
9 (RLIN) 5702
651 #4 - PUNTO DE ACCESO ADICIONAL DE MATERIA--NOMBRE GEOGRÁFICO
Nombre geográfico Chile
Subdivisión general Condiciones Sociales
9 (RLIN) 70357
700 12 - PUNTO DE ACCESO ADICIONAL--NOMBRE DE PERSONA
Nombre de persona Ahumada, Eugenio.
9 (RLIN) 70358
700 12 - PUNTO DE ACCESO ADICIONAL--NOMBRE DE PERSONA
Nombre de persona Atria, Rodrigo
9 (RLIN) 70359
700 12 - PUNTO DE ACCESO ADICIONAL--NOMBRE DE PERSONA
Nombre de persona Egaña, Javier Luis
9 (RLIN) 70360
700 12 - PUNTO DE ACCESO ADICIONAL--NOMBRE DE PERSONA
Nombre de persona Góngora, Augusto
9 (RLIN) 70361
700 12 - PUNTO DE ACCESO ADICIONAL--NOMBRE DE PERSONA
Nombre de persona Quesney, Carmen
9 (RLIN) 70362
700 12 - PUNTO DE ACCESO ADICIONAL--NOMBRE DE PERSONA
Nombre de persona Saball, Gustavo
9 (RLIN) 70363
700 12 - PUNTO DE ACCESO ADICIONAL--NOMBRE DE PERSONA
Nombre de persona Villalobos, Gustavo
9 (RLIN) 70364
830 #0 - PUNTO DE ACCESO ADICIONAL DE SERIE-TÍTULO UNIFORME
Título uniforme Testimonio
Designación de volumen o secuencia 2
9 (RLIN) 16115
910 ## - DATOS DE OPCIÓN DEL USUARIO (OCLC)
Datos de opción del usuario Validado. Control de calidad EMS
Holdings
Estado de retiro Estado de pérdida Restricciones de uso No para préstamo Código de colección Localización permanente Ubicación/localización actual Ubicación en estantería Fecha de adquisición Número de inventario Total de préstamos Signatura topográfica completa Código de barras Fecha visto por última vez Precio válido a partir de Tipo de ítem Koha
      Excluido de préstamo Monografías: Libros y Folletos General General Depósito 12.02.2014 LF1   323.183 C537m, 1990 | v. 1 42905-10 25.06.2020 25.06.2020 No se presta
      Excluido de préstamo Monografías: Libros y Folletos General General Depósito 14.03.2014 LF1   323.183 C537m, 1990 | v. 2 42905-20 25.06.2020 25.06.2020 No se presta
      Excluido de préstamo Monografías: Libros y Folletos General General Depósito 07.05.2014 LF1   323.183 C537m, 1990 | v. 3 42905-30 25.06.2020 25.06.2020 No se presta

Powered by Koha